Urban geography (Record no. 1311808)
[ view plain ]
| 000 -LEADER | |
|---|---|
| fixed length control field | 01180nam a2200217 4500 |
| 005 - DATE AND TIME OF LATEST TRANSACTION | |
| control field | 20250506114643.0 |
| 008 - FIXED-LENGTH DATA ELEMENTS--GENERAL INFORMATION | |
| fixed length control field | 250506b |||||||| |||| 00| 0 eng d |
| 020 ## - INTERNATIONAL STANDARD BOOK NUMBER | |
| International Standard Book Number | 9781639875610 |
| 037 ## - SOURCE OF ACQUISITION | |
| Terms of availability | Textual |
| 040 ## - CATALOGING SOURCE | |
| Original cataloging agency | RTL |
| Transcribing agency | RTL |
| 084 ## - COLON CLASSIFICATION NUMBER | |
| Classification number | U43 R1 |
| Assigning agency | RTL |
| 100 ## - MAIN ENTRY--PERSONAL NAME | |
| Personal name | Diego, Ian |
| 9 (RLIN) | 754397 |
| 245 ## - TITLE STATEMENT | |
| Title | Urban geography |
| 260 ## - PUBLICATION, DISTRIBUTION, ETC. | |
| Place of publication, distribution, etc. | New York |
| Name of publisher, distributor, etc. | Murphy and moore |
| Date of publication, distribution, etc. | 2021 |
| 300 ## - PHYSICAL DESCRIPTION | |
| Extent | vii, 233 p. ill. |
| 520 ## - SUMMARY, ETC. | |
| Summary, etc. | The branch of geography concerned with the cities, urban life, built environment and urban processes is known as urban geography. It attempts to understand the flow of natural and economic resources, development of infrastructure, governance, institutional activities and socio-spatial inclusions and exclusions. Some of the major areas of study under this discipline are urban planning, urban anthropology and urban sociology. On the basis of their roles in the city system, urban geography classifies cities into central places and specialized-function cities, transportation cities. |
| 650 ## - SUBJECT ADDED ENTRY--TOPICAL TERM | |
| Topical term or geographic name entry element | Geographical study of population |
| 9 (RLIN) | 754398 |
| 650 ## - SUBJECT ADDED ENTRY--TOPICAL TERM | |
| Topical term or geographic name entry element | Urban growth |
| 9 (RLIN) | 445707 |
| 650 ## - SUBJECT ADDED ENTRY--TOPICAL TERM | |
| Topical term or geographic name entry element | Demographic models |
| 9 (RLIN) | 754400 |
| 942 ## - ADDED ENTRY ELEMENTS (KOHA) | |
| Source of classification or shelving scheme | Colon Classification (CC) |
| Suppress in OPAC | No |
| Koha item type | Textbook |
| Classification part | U43 R1 |
| Withdrawn status | Lost status | Source of classification or shelving scheme | Damaged status | Not for loan | Home library | Current library | Date acquired | Total Checkouts | Full call number | Barcode | Date last seen | Price effective from | Koha item type |
|---|---|---|---|---|---|---|---|---|---|---|---|---|---|
| Colon Classification (CC) | Ratan Tata Library | Ratan Tata Library | 2025-05-06 | U43 R1 | RT1528413 | 2025-05-06 | 2025-05-06 | Textbook |
